Principles of Electrical machine design / (Record no. 8498)
[ view plain ]
| 000 -LEADER | |
|---|---|
| fixed length control field | 00694nac a22001931u 4500 |
| 082 ## - DEWEY DECIMAL CLASSIFICATION NUMBER | |
| Classification number | 621.8 |
| Item number | AGA |
| 090 ## - LOCALLY ASSIGNED LC-TYPE CALL NUMBER (OCLC); LOCAL CALL NUMBER (OCLC) | |
| -- | 8498 |
| -- | 8498 |
| 100 ## - MAIN ENTRY--PERSONAL NAME | |
| Personal name | Agarwal ,R.K. |
| 245 ## - TITLE STATEMENT | |
| Title | Principles of Electrical machine design / |
| Statement of responsibility, etc | R.K.Agarwal. |
| 250 ## - EDITION STATEMENT | |
| Remainder of edition statement | Revised ed. |
| 260 ## - PUBLICATION, DISTRIBUTION, ETC. (IMPRINT) | |
| Place of publication, distribution, etc | Delhi:2005. |
| Name of publisher, distributor, etc | S.K.Kataria and Sons,2007 |
| Date of publication, distribution, etc | c.2007 |
| 300 ## - PHYSICAL DESCRIPTION | |
| Extent | Various p.; |
| Other physical details | ill; |
| Dimensions | 25cm. |
| 500 ## - GENERAL NOTE | |
| General note | Includes Index. |
| 500 ## - GENERAL NOTE | |
| General note | Distributer: Al-Ahram |
| 511 ## - PARTICIPANT OR PERFORMER NOTE | |
| Participant or performer note | Catalogued by: Sara |
| 650 ## - SUBJECT ADDED ENTRY--TOPICAL TERM | |
| Topical term or geographic name as entry element | Electric machinery--Design and construction |
| 942 ## - ADDED ENTRY ELEMENTS (KOHA) | |
| Item type | Book - Borrowing |
| Call number prefix | 621.8AGA |
| Withdrawn status | Item status | Damaged status | Not for loan | Home library | Current library | Shelving location | Date acquired | Source of acquisition | Total Checkouts | Total Renewals | Full call number | Barcode | Date last seen | Date last borrowed | Koha item type |
|---|---|---|---|---|---|---|---|---|---|---|---|---|---|---|---|
| Central Library | Central Library | First floor | 08/03/2010 | Purchase | 3 | 43 | 621.8AGA | 000010295 | 15/07/2025 | 30/11/2019 | Book - Borrowing |